02281cam a2200253 i 4500003000900000005001700009008004100026040003300067043001200100082001200112100011800124245015600242250003300398264007000431300002500501336003600526337003500562338002900597500012400626651004500750651004500795856058600840856060101426SA-RiAUC20250422075252.0250121s2003 ||| g 000 0dara c aKW-ShULAbaracSA-RiAUCerda aa-su---04a953.1211 aالأزرقي، محمد بن عبد الله بن أحمد،dتوفي حوالي 250 هجريeمؤلف.10aأخبار مكة وما جاء فيها من الآثار /cأبو الوليد محمد بن عبد الله بن أحمد الأزرقي  aالطبعة الأولى. 1aمكة المكرمة :bمطابع دار الثقافة،c1978 aمجلد ؛c24 سم aنصbtxt2rdacontent3كتاب aبدون وسيطbn2rdamedia aمجلدbnc2rdacarrier aملاحظات من الشيخ الدكتور عبدالوهاب سليمان رحمه الله بداخل الكتاب 7aمكة المكرمةxتاريخ2aucsh 7aمكة المكرمةvتراجم2aucsh uhttp://www.alwaraq.net/Core/waraq/coverpage?bookid=300&option=1yExternal Link2 نرجو الانتباه لإمكانية وجود اختلاف في الطبعة أو الناشر بين البيانات على البوابة وما ستجده على الكتاب نظرا لمحدودية المعلومات المتاحة على الموقع الناشر للمادة.3Please note that there may be a difference in the edition or publisher between the data on the portal and the book due to the limited information available on the publisher website for the material. uhttp://www.alwaraq.net/Core/AlwaraqSrv/bookpage?book=300&option=1&fkey=2&page=1yDigital Copy2 نرجو الانتباه لإمكانية وجود اختلاف في الطبعة أو الناشر بين البيانات على البوابة وما ستجده على الكتاب نظرا لمحدودية المعلومات المتاحة على الموقع الناشر للمادة.3Please note that there may be a difference in the edition or publisher between the data on the portal and the book due to the limited information available on the publisher website for the material.